• 首页
  • 本馆介绍
  • 公告通知
  • 最新文献
  • 馆藏检索
  • 电子资源
  • 读者导购
  • 参考咨询
  • 我的图书馆
  • 登录
  • 详细信息显示
  • 放入我的书架
  • 预约/预借图书
  • 作者相关作品
  • 分类相关作品
  • 丛书相关作品
  • 出版社相关作品

书目信息

  • 表格格式
  • 工作单格式
  • 卡片格式
题名:
中炮进三兵对反宫马
    
 
作者: 朱宝位 , 刘海亭 编著
分册:  
出版信息: 合肥   安徽科学技术出版社  2019
页数: 193页
开本: 23cm
丛书名: 中国象棋经典布局系列
单 册:
中图分类: G891.2
科图分类:
主题词: 中国象棋--布局(棋类运动)
电子资源:
ISBN: 978-7-5337-7441-7
000 00730oam2 2200241 450
001 2363325547
005 20231108173545.06
010    @a978-7-5337-7441-7@dCNY25.50
100    @a20190612d2019 em y0chiy50 ea
101 0  @achi
102    @aCN@b340000
105    @aa z 000yy
200 1  @a中炮进三兵对反宫马@9zhong pao jin san bing dui fan gong ma@f朱宝位, 刘海亭编著
210    @a合肥@c安徽科学技术出版社@d2019
215    @a193页@c图@d23cm
225 2  @a中国象棋经典布局系列
461  0 @12001 @a中国象棋经典布局系列
606 0  @a中国象棋@x布局(棋类运动)
690    @aG891.2@v5
701  0 @a朱宝位@9zhu bao wei@4编著
701  0 @a刘海亭@9liu hai ting@4编著
801  0 @aCN@b91MARC@c20190612
905    @aBZT@dG891.2@e102
    
    中炮进三兵对反宫马/朱宝位, 刘海亭编著.-合肥:安徽科学技术出版社,2019
    193页:图;23cm.-(中国象棋经典布局系列)
    
    
    ISBN 978-7-5337-7441-7:CNY25.50
    
●
相关链接 在五车中查询图书 在当当中查询图书 在豆瓣中查询图书


正题名:中炮进三兵对反宫马     索取号:G891.2/102         预约/预借

序号 登录号 条形码 馆藏地/架位号 状态 备注
1 2000977002   2000977002   中教第一批/山东中教(第一批)/209/ [索取号:G891.2/102] 在馆    
2 2000977003   2000977003   中教第一批/山东中教(第一批)/209/ [索取号:G891.2/102] 在馆    
3 2000977004   2000977004   中教第一批/山东中教(第一批)/209/ [索取号:G891.2/102] 在馆    
4 2000977005   2000977005   中教第一批/山东中教(第一批)/209/ [索取号:G891.2/102] 在馆    
5 2000977006   2000977006   中教第一批/山东中教(第一批)/209/ [索取号:G891.2/102] 在馆    
6 2000977007   2000977007   中教第一批/山东中教(第一批)/209/ [索取号:G891.2/102] 在馆    
山东省滨州职业学院图书馆 欢迎您!
大连网信软件有限公司© 版权所有